02175 a2200277 45000010006000000050017000060080041000230030015000640400040000790800057001192450108001762640034002843000019003185051212003370410008015491000020015577000034015777000027016117000022016387000038016607000025016987000025017237000028017487000027017768560094018034131520260407155707.0260407a2015 arg spa dAR-UNSa-BCEJYS aAR-UNSa-BCEJYSbspacAR-UNSa-BCEJYS a343.13xProcedimiento penal. Derecho procesal penal 10aCódigo procesal penal de la NaciónpAspectos esenciales de la reforma introducida por la Ley 27.063 1aBuenos Aires :bErreiusc2015 a105 p.c26 cm. a1. Consideraciones en torno al nuevo Código Procesal Penal de la Nación (L. 27063) / Luis F. Niño - 2. El nuevo Código Procesal Penal de la Nación -L. 27063- / Nicolás Grappasonno - 3. A propósito de la implementación del nuevo Código Procesal Penal de la Nación: ¿existe un límite temporal entre dos sistemas procesales? / Horacio J. Romero Villanueva - 4. Sobre ciertos aspectos del juicio en el nuevo Código Procesal Penal de la Nación / Raúl F. Elhart - 5. La conciliación en el nuevo Código Procesal Penal de la Nación / Viviana H. Sánchez Rodríguez - 6. La suspensión del juicio a prueba en el nuevo Código Procesal Penal: el régimen diferenciado para nacionales y extranjeros / Javier T. Alvarez - 7. Sobre los procedimientos alternativos al juicio oral que se establecen en el nuevo Código Procesal Penal de la Nación / Corina Vera Mendoza - 8. La conciliación a la luz de la ley 24769. ¿Un nuevo supuesto de extinción de la acción penal por pago? / Santiago L. González - 9. La imposibilidad de aplicar una pena mayor a la solicitada por el fiscal o modificar la calificación legal en el nuevo Código Procesal Penal / Yamila Rodríguez aspa1 aNiño, Luis F.1 aRomero Villanueva, Horacio J.1 aGrappasonno, Nicolás1 aElhart, Raúl F.1 aSánchez Rodríguez, Viviana H.1 aÁlvarez, Javier T.1 aVera Mendoza, Corina1 aGonzález, Santiago L.1 aRodríguez, Yamila V.41uhttps://biblioeco.unsa.edu.ar/pmb/images/libros/E00030.jpgyImagen de portadaqimage/jpeg